1864 y 1865 (Record no. 178417)
[ view plain ]
| 000 -LEADER | |
|---|---|
| campo de control de longitud fija | 01160nam a22002295i 4500 |
| 001 - NÚMERO DE CONTROL | |
| campo de control | 178417 |
| 003 - IDENTIFICADOR DE NÚMERO DE CONTROL | |
| campo de control | ES-MaACL |
| 005 - FECHA Y HORA DE LA ÚLTIMA TRANSACCIÓN | |
| campo de control | 20251115063319.0 |
| 008 - DATOS DE LONGITUD FIJA--INFORMACIÓN GENERAL | |
| campo de control de longitud fija | 110527s1865 sp |||| | spa d |
| 040 ## - FUENTE DE CATALOGACIÓN | |
| Centro catalogador/agencia de origen | CAM |
| Lengua de catalogación | spa |
| Centro/agencia transcriptor | CAM |
| 100 1# - ENTRADA PRINCIPAL--NOMBRE DE PERSONA | |
| Nombre de persona | Gutiérrez de Alba, José María, |
| Fechas asociadas al nombre | 1822-1897 |
| 9 (RLIN) | 127661 |
| 245 10 - MENCIÓN DEL TÍTULO | |
| Título | 1864 y 1865 |
| Resto del título | : revista cómico-lírico-fantástica, en un acto y en verso / |
| Mención de responsabilidad, etc. | original de José María Gutierrez de Alba ; música de Emilio Arrieta y sus discípulos, los señores Aceves, García Brocca, Campo, Ruiz, Fernández (M.) y Fernández (T). |
| 250 ## - MENCION DE EDICION | |
| Mención de edición | 2ª ed. |
| 260 ## - PUBLICACIÓN, DISTRIBUCIÓN, ETC. | |
| Lugar de publicación, distribución, etc. | Madrid : |
| Nombre del editor, distribuidor, etc. | [s.n.], |
| Fecha de publicación, distribución, etc. | 1865 ( |
| Fabricante | Imp. de Anselmo Santa Coloma) |
| 300 ## - DESCRIPCIÓN FÍSICA | |
| Extensión | 32 p. ; |
| Dimensiones | 18 cm. |
| 500 #1 - NOTA GENERAL | |
| Nota general | En port.: Representada por primera vez en Madrid, con extraordinario aplauso, en el teatro del Circo en 30 de enero de 1865. |
| 500 ## - NOTA GENERAL | |
| Nota general | Solo la letra. |
| 596 #1 - NOTA AL PIE DE IMPRENTA | |
| NOTA AL PIE DE IMPRENTA | En p. 5 consta: "... de la galería dramática y lírica titulada El Teatro ..." |
| 700 1# - ENTRADA AGREGADA--NOMBRE PERSONAL | |
| Nombre de persona | Arrieta, Emilio. |
| 9 (RLIN) | 234204 |
| 852 ## - LOCALIZACIÓN | |
| Ubicación | ES-MaACL |
| Número de control de estantería | D-1748(9) |
| Nota libre | .- Legado M. de la Fuente |
| condición física | .- Conserva la cub. original |
| Nota libre | .- Encuadernada con otras obras |
| Estatus retirado | Estado de pérdida | Estado de daño | No para préstamo | Colección | Biblioteca de origen | Biblioteca actual | Ubicación en estantería | Fecha de adquisición | Fuente de adquisición | Total de préstamos | Signatura topográfica completa | Código de barras | Visto por última vez | Precio de reemplazo | Tipo de ítem Koha |
|---|---|---|---|---|---|---|---|---|---|---|---|---|---|---|---|
| Libros del s. XIX | Biblioteca del Ateneo de Madrid | Biblioteca del Ateneo de Madrid | Sala Valle Inclán | 27/05/2011 | D-1748(9) | 901187419 | 23/02/2023 | 23/02/2023 | Libro impreso antiguo |
